000 00382nam a2200157Ia 4500
003 0STCL
008 150530s9999 xx 000 0 und d
040 _aSTCL
_cSTCL
100 _aHickson, S.J.
245 _aBulletin of the Madras Government museum
260 _bGovernment of Madras
_c1931
546 _aEnglish
942 _2ddc
_cBK
999 _c37334
_d37334
005 20220125170418.0